000 00317nam a2200133Ia 4500
008 240624s9999 xx 000 0 und d
041 _aeng
082 _a006.3 RYZ
100 _aRYZA SANDY
245 _aADVANCED ANALYTICS WITH SPARK
260 _c2016
_aMumbai
_bO'Reilly
300 _a260 p.; 28 cm.
365 _cRS
999 _c29339
_d29339